[Event "Pamplona San Juan op 4th"]
[Site "Pamplona"]
[Date "2010.07.26"]
[Round "1"]
[White "Bruzon Batista, Lazaro"]
[Black "Nanu, Ana Daniela"]
[Result "1-0"]
[WhiteElo "2653"]
[BlackElo "1997"]
[PlyCount "57"]
[EventDate "2010.07.26"]
[EventType "swiss"]
[EventRounds "9"]
[EventCountry "ESP"]
[SourceTitle "CBM 137 Extra"]
[Source "ChessBase"]
[SourceDate "2010.09.01"]
[SourceVersion "1"]
[SourceVersionDate "2010.09.01"]
[SourceQuality "1"]

1. d4 g6 2. e4 Bg7 3. Nc3 c6 4. Nf3 d5 5. h3 dxe4 6. Nxe4 Nd7 7. Bd3 Ngf6 8. Nxf6+ Nxf6 9. 0-0 0-0 10. Qe2 b6 11. c4 Bb7 12. Bf4 Rc8 13. Rfd1 e6 14. Rac1 Qe7 15. a3 Rfd8 16. Bb1 a5 17. c5 bxc5 18. dxc5 Rxd1+ 19. Qxd1 Nd5 20. Bd6 Qf6 21. Bd3 Ra8 22. Qb3 Bc8 23. Qa4 Bd7 24. Rc2 Bf8 25. Bg3 Bh6 26. Ne5 Be8 27. Ng4 Qg5 28. h4 Qh5 29. Be2 1-0

[Event "Eforie Nord Romgaz op"]
[Site "Eforie Nord"]
[Date "2007.08.04"]
[Round "2"]
[White "Chifor, Ovidiu Emanuel"]
[Black "Nanu, Ana Daniela"]
[Result "1-0"]
[WhiteElo "1884"]
[BlackElo "2092"]
[PlyCount "109"]
[EventDate "2007.08.03"]
[EventType "swiss"]
[EventRounds "9"]
[EventCountry "ROU"]
[SourceTitle "EXT 2010"]
[Source "ChessBase"]
[SourceDate "2010.11.25"]
[SourceVersion "1"]
[SourceVersionDate "2010.11.25"]
[SourceQuality "1"]

1. d4 g6 2. c4 Bg7 3. Nf3 Nf6 4. g3 d6 5. Nc3 0-0 6. Bg2 Nbd7 7. 0-0 c6 8. e4 e5 9. h3 Re8 10. Re1 Qc7 11. Be3 Nb6 12. b3 a5 13. dxe5 dxe5 14. c5 Nbd7 15. Qc2 Nf8 16. Rad1 Ne6 17. Na4 Bf8 18. Rd2 Rd8 19. Rxd8 Nxd8 20. Nd2 Ne6 21. Nc4 Nd7 22. Nab6 Ra6 23. Nxd7 Bxd7 24. Nb6 Nd4 25. Bxd4 exd4 26. Bf1 Rxb6 27. cxb6 Qxb6 28. Kg2 c5 29. a4 Qe6 30. Kh2 Bd6 31. Bg2 b5 32. axb5 Bxb5 33. Bf1 Bd7 34. Qc4 Qf6 35. f4 Qd8 36. e5 Be7 37. Bg2 Be6 38. Qb5 h5 39. Ra1 d3 40. Rd1 d2 41. Qe2 Bxb3 42. Rxd2 Qb6 43. Bd5 Bxd5 44. Rxd5 a4 45. Rd2 Qb4 46. Rb2 Qd4 47. Rd2 Qb4 48. Rb2 Qd4 49. Rd2 Qb4 50. h4 a3 51. e6 f6 52. Qd3 f5 53. Rc2 Qb1 54. Qc4 Bf6 55. e7+ 1-0

[Event "Agneaux St Lo op 10th"]
[Site "Agneaux"]
[Date "2006.02.22"]
[Round "1"]
[White "Okhotnik, Vladimir"]
[Black "Nanu, Ana Daniela"]
[Result "1-0"]
[WhiteElo "2470"]
[BlackElo "2107"]
[PlyCount "47"]
[EventDate "2006.02.22"]
[EventType "swiss"]
[EventRounds "7"]
[EventCountry "FRA"]
[SourceTitle "CBM 110 Extra"]
[Source "ChessBase"]
[SourceDate "2006.03.10"]
[SourceVersion "2"]
[SourceVersionDate "2006.03.10"]
[SourceQuality "1"]

1. e4 g6 2. d4 Bg7 3. h4 h5 4. Nf3 c6 5. c4 d5 6. exd5 cxd5 7. cxd5 Nf6 8. Nc3 Nxd5 9. Qb3 e6 10. Bb5+ Bd7 11. Nxd5 exd5 12. 0-0 0-0 13. Bxd7 Nxd7 14. Qxd5 Nb6 15. Qxb7 Nd5 16. Bg5 Qa5 17. Bd2 Qd8 18. Qa6 Rb8 19. b3 Nb4 20. Bxb4 Rxb4 21. Rad1 Qd5 22. Qxa7 Ra8 23. Qe7 Rb7 24. Qe2 1-0

[Event "ROM-chT"]
[Site "Sovata"]
[Date "2001.03.25"]
[Round "5"]
[White "Nanu, Ana Daniela"]
[Black "Bogza, Oana"]
[Result "0-1"]
[WhiteElo "2080"]
[BlackElo "2126"]
[PlyCount "84"]
[EventDate "2001.03.21"]
[EventType "team"]
[EventRounds "5"]
[EventCountry "ROU"]
[SourceTitle "EXT 2003"]
[Source "ChessBase"]
[SourceDate "2002.11.25"]
[SourceVersion "1"]
[SourceVersionDate "2002.11.25"]
[SourceQuality "1"]

1. e4 d6 2. d4 g6 3. Nc3 Bg7 4. g3 Nf6 5. Bg2 0-0 6. Nge2 e5 7. 0-0 Nc6 8. h3 exd4 9. Nxd4 Nxe4 10. Nxc6 Nxc3 11. Nxd8 Nxd1 12. Nxf7 Nxb2 13. Nh6+ Kh8 14. Rb1 Na4 15. Re1 Bf6 16. g4 Nc5 17. g5 Bd4 18. Re7 Be6 19. Bb2 Bxb2 20. Rxb2 c6 21. c3 Rae8 22. Rc7 Rc8 23. Re7 Rfe8 24. Nf7+ Bxf7 25. Rxf7 Kg8 26. Rf6 d5 27. h4 Rf8 28. Bh3 Rxf6 29. Bxc8 Rf8 30. Bg4 Re8 31. h5 Re7 32. f3 Re3 33. c4 dxc4 34. Rc2 b5 35. Kf2 Re7 36. Rd2 Nd3+ 37. Kg3 Kf7 38. hxg6+ hxg6 39. Rh2 Kg7 40. a4 b4 41. Rc2 c3 42. f4 Re3+ 0-1

[Event "ROM-chT"]
[Site "Eforie Nord"]
[Date "2000.12.20"]
[Round "3"]
[White "Nanu, Ana Daniela"]
[Black "Munteanu, Denisa"]
[Result "1-0"]
[WhiteElo "2072"]
[BlackElo "2005"]
[PlyCount "89"]
[EventDate "2000.12.18"]
[EventType "team"]
[EventRounds "5"]
[EventCountry "ROU"]
[SourceTitle "CBM 081"]
[Source "ChessBase"]
[SourceDate "2001.03.20"]
[SourceVersion "1"]
[SourceVersionDate "2001.03.20"]
[SourceQuality "1"]
[WhiteTeam "Victoria Techirghiol"]
[BlackTeam "Brasov Dinamo"]
[WhiteTeamCountry "ROU"]
[BlackTeamCountry "ROU"]

1. e4 e5 2. Nf3 Nc6 3. Bc4 Nf6 4. d3 h6 5. 0-0 d6 6. c3 g6 7. Re1 Bg7 8. Bb3 0-0 9. h3 Nh5 10. d4 Nf4 11. Be3 Na5 12. Bc2 f5 13. dxe5 dxe5 14. Qxd8 Rxd8 15. exf5 Bxf5 16. Bxf5 gxf5 17. Bxf4 exf4 18. Na3 Rd7 19. Re6 Rad8 20. Rae1 Rd1 21. Nb5 Rxe1+ 22. Rxe1 c6 23. Nbd4 Rd5 24. Ne6 Rb5 25. Nxg7 Kxg7 26. b3 Kf6 27. c4 Rb6 28. Ne5 Kg5 29. Nd3 Nxb3 30. axb3 Rxb3 31. Nc5 Rb4 32. Ne6+ Kf6 33. Nd8 a5 34. Re6+ Kg7 35. Re5 Rxc4 36. Nxb7 a4 37. Rxf5 Rb4 38. Nd8 Rc4 39. Ra5 Rc1+ 40. Kh2 Rc4 41. Ra6 c5 42. Nb7 h5 43. Ra5 Rc2 44. f3 c4 45. Rxa4 1-0

[Event "ROM-chT"]
[Site "Eforie Nord"]
[Date "2000.12.19"]
[Round "2"]
[White "Marin, Irina Luiza"]
[Black "Nanu, Ana Daniela"]
[Result "1-0"]
[WhiteElo "2261"]
[BlackElo "2072"]
[PlyCount "75"]
[EventDate "2000.12.18"]
[EventType "team"]
[EventRounds "5"]
[EventCountry "ROU"]
[SourceTitle "CBM 081"]
[Source "ChessBase"]
[SourceDate "2001.03.20"]
[SourceVersion "1"]
[SourceVersionDate "2001.03.20"]
[SourceQuality "1"]
[WhiteTeam "Bucharest AS RAT"]
[BlackTeam "Victoria Techirghiol"]
[WhiteTeamCountry "ROU"]
[BlackTeamCountry "ROU"]

1. g3 d5 2. Nf3 c5 3. Bg2 Nf6 4. 0-0 g6 5. c4 d4 6. e3 Nc6 7. exd4 cxd4 8. d3 Bg7 9. Na3 0-0 10. Nc2 e5 11. Re1 Re8 12. Ng5 h6 13. Ne4 Nxe4 14. Bxe4 f5 15. Bg2 Be6 16. b4 e4 17. b5 Na5 18. Nb4 Kh8 19. Bd2 exd3 20. Nxd3 Nxc4 21. Bxb7 Rb8 22. Bc6 Bd7 23. Bf4 Bxc6 24. bxc6 Rc8 25. c7 Qd7 26. Rxe8+ Qxe8 27. Qb3 Nb6 28. Re1 Qg8 29. Qa3 Nc4 30. Qxa7 g5 31. Be5 Bxe5 32. Nxe5 Nxe5 33. Rxe5 Qc4 34. Rc5 Qe2 35. Rc1 Qe5 36. Qb7 Qe6 37. Rb1 d3 38. Qxc8+ 1-0

[Event "ROM-chT"]
[Site "Sovata"]
[Date "2000.04.14"]
[Round "2"]
[White "Nanu, Ana Daniela"]
[Black "Calotescu, Ana Cristina"]
[Result "0-1"]
[WhiteElo "2089"]
[BlackElo "2176"]
[PlyCount "56"]
[EventDate "2000.04.13"]
[EventType "team"]
[EventRounds "5"]
[EventCountry "ROU"]
[SourceTitle "EXT 2001"]
[Source "ChessBase"]
[SourceDate "2000.11.22"]
[SourceVersion "1"]
[SourceVersionDate "2000.11.22"]
[SourceQuality "1"]

1. e4 e6 2. d3 c5 3. Nf3 Nc6 4. g3 g6 5. Bg5 Qb6 6. Qc1 Bg7 7. c3 Nge7 8. Bg2 0-0 9. 0-0 e5 10. Na3 d6 11. d4 cxd4 12. cxd4 exd4 13. Nd2 Be6 14. Ndc4 Qc5 15. b4 Qxb4 16. Rb1 Qa4 17. Rxb7 f6 18. Bf4 d5 19. Nd6 Rad8 20. Qc5 dxe4 21. Bxe4 g5 22. Bd2 Qa6 23. Nab5 Qxa2 24. Bxc6 Nxc6 25. Nxd4 Nxd4 26. Qxd4 Qa6 27. Qb2 Rxd6 28. Ra1 Qe2 0-1

[Event "ROM-chT"]
[Site "Sovata"]
[Date "2000.04.13"]
[Round "1"]
[White "Nanu, Ana Daniela"]
[Black "Badut, Ana Maria"]
[Result "1-0"]
[WhiteElo "2089"]
[BlackElo "2015"]
[PlyCount "39"]
[EventDate "2000.04.13"]
[EventType "team"]
[EventRounds "5"]
[EventCountry "ROU"]
[SourceTitle "EXT 2001"]
[Source "ChessBase"]
[SourceDate "2000.11.22"]
[SourceVersion "1"]
[SourceVersionDate "2000.11.22"]
[SourceQuality "1"]

1. e4 c5 2. Nf3 Nc6 3. Bb5 g6 4. Bxc6 bxc6 5. e5 Bg7 6. 0-0 d6 7. exd6 exd6 8. Re1+ Ne7 9. d4 cxd4 10. Nxd4 0-0 11. Bg5 f6 12. Bf4 d5 13. Qe2 Re8 14. Nxc6 Qd7 15. Nxe7+ Kf7 16. Nc3 Bb7 17. Qd3 Rxe7 18. Rxe7+ Kxe7 19. Nb5 Ba6 20. Qa3+ 1-0

[Event "Deva tt"]
[Site "Deva"]
[Date "1999.??.??"]
[Round "?"]
[White "Nanu, Ana Daniela"]
[Black "Moldovan, Corina"]
[Result "0-1"]
[WhiteElo "2065"]
[BlackElo "2226"]
[PlyCount "68"]
[EventDate "1999.07.??"]
[EventType "team"]
[EventRounds "9"]
[EventCountry "ROU"]
[SourceTitle "EXT 2004"]
[Source "ChessBase"]
[SourceDate "2003.11.25"]
[SourceVersion "1"]
[SourceVersionDate "2003.11.25"]
[SourceQuality "1"]

1. e4 c5 2. Nf3 d6 3. Bb5+ Bd7 4. Bxd7+ Qxd7 5. 0-0 Nc6 6. Re1 g6 7. d4 cxd4 8. Nxd4 Bg7 9. c3 Nf6 10. Nd2 0-0 11. N2f3 Rfd8 12. Bg5 h6 13. Bf4 e5 14. Nxc6 Qxc6 15. Be3 Nxe4 16. Qc2 Nc5 17. Rad1 Ne6 18. c4 b5 19. Qd2 bxc4 20. Bxh6 Rac8 21. Bxg7 Kxg7 22. Rc1 Qd7 23. b3 cxb3 24. Rxc8 Qxc8 25. axb3 Qb7 26. b4 f6 27. Nh4 d5 28. Qd3 Nf4 29. Qd1 e4 30. Re3 Nd3 31. Rg3 Rc8 32. Nf5+ Kf8 33. Rxd3 exd3 34. Nd6 d2 0-1

[Event "Deva tt"]
[Site "Deva"]
[Date "1999.??.??"]
[Round "?"]
[White "Nanu, Ana Daniela"]
[Black "Neagu, Liviu"]
[Result "0-1"]
[WhiteElo "2065"]
[BlackElo "1775"]
[PlyCount "111"]
[EventDate "1999.07.??"]
[EventType "team"]
[EventRounds "9"]
[EventCountry "ROU"]
[SourceTitle "EXT 2004"]
[Source "ChessBase"]
[SourceDate "2003.11.25"]
[SourceVersion "1"]
[SourceVersionDate "2003.11.25"]
[SourceQuality "1"]

1. e4 c5 2. Nf3 Nc6 3. Bb5 g6 4. Bxc6 bxc6 5. Nc3 Bg7 6. 0-0 d6 7. Re1 e5 8. Na4 Ne7 9. c3 Bg4 10. h3 Bxf3 11. Qxf3 0-0 12. b4 cxb4 13. cxb4 Rb8 14. Qc3 Qd7 15. a3 c5 16. Nb2 cxb4 17. axb4 Rfc8 18. Qa3 Nc6 19. Nd3 Nd4 20. Qa4 Qe6 21. Rb1 Qc4 22. Nb2 Qxb4 23. Qxa7 Nc2 24. Re2 Rb7 25. Qa6 Bh6 26. d4 Na3 27. Bxh6 Nxb1 28. dxe5 Qb6 29. Qd3 dxe5 30. Qxb1 Qf6 31. Qd3 g5 32. Qd5 Rcb8 33. Bxg5 Qxg5 34. Nd3 Rb5 35. Qc6 Qg6 36. Qc7 Qb6 37. Qe7 Qd8 38. Qxd8+ Rxd8 39. Ne1 f6 40. Nf3 Rdb8 41. Rc2 Rb1+ 42. Kh2 R1b2 43. Rc6 R8b6 44. Rc8+ Kg7 45. Kg3 R2b4 46. Rc7+ Kh6 47. Nh4 Rxe4 48. Nf5+ Kg6 49. Ne3 f5 50. Kf3 h5 51. Rg7+ Kf6 52. Rg8 Rf4+ 53. Kg3 h4+ 54. Kh2 Kf7 55. Rg5 Rxf2 56. Kg1 0-1

[Event "ROM-chT"]
[Site "Baile Tusnad"]
[Date "1997.??.??"]
[Round "?"]
[White "Nanu, Ana Daniela"]
[Black "Andreescu, Aurora Nicoleta"]
[Result "1/2-1/2"]
[WhiteElo "2070"]
[BlackElo "2140"]
[PlyCount "110"]
[EventDate "1997.??.??"]
[EventType "team"]
[EventRounds "5"]
[EventCountry "ROU"]
[SourceTitle "EXT 1999"]
[Source "ChessBase"]
[SourceDate "1998.11.16"]
[SourceVersion "1"]
[SourceVersionDate "1998.11.16"]
[SourceQuality "1"]

1. e4 c5 2. Nf3 d6 3. Bb5+ Bd7 4. Bxd7+ Qxd7 5. 0-0 Nc6 6. c3 Nf6 7. Qe2 e5 8. d4 cxd4 9. cxd4 exd4 10. Rd1 Be7 11. Nxd4 Nxd4 12. Rxd4 0-0 13. Nc3 Rfe8 14. Bf4 Rad8 15. Rad1 Qe6 16. Qc4 Qxc4 17. Rxc4 Rd7 18. Nd5 Nxd5 19. Rxd5 Red8 20. Be3 Bf6 21. b4 Re8 22. b5 b6 23. f3 g6 24. Rc6 Re6 25. Bf4 Be5 26. Bh6 Bf6 27. Rd2 g5 28. Rd5 g4 29. Rc8+ Rd8 30. Rxd8+ Bxd8 31. Bg5 f6 32. Bf4 Bc7 33. Rd3 gxf3 34. gxf3 f5 35. exf5 Re1+ 36. Kf2 Rb1 37. Bxd6 Bxd6 38. Rxd6 Rb2+ 39. Kg3 Rxa2 40. Rd7 Ra4 41. f4 h5 42. f6 Rb4 43. Rd5 Kf7 44. Rxh5 Kxf6 45. Kg4 Rb1 46. h4 Rg1+ 47. Kf3 Rf1+ 48. Ke4 Re1+ 49. Kd5 Rc1 50. Kd6 a5 51. bxa6 Ra1 52. Rh8 Rxa6 53. Rf8+ Kg6 54. f5+ Kg7 55. Rb8 Kf6 1/2-1/2

[Event "EU-ch U18 Girls"]
[Site "Rimavska Sobota"]
[Date "1996.??.??"]
[Round "6"]
[White "Nanu, Ana Daniela"]
[Black "Tetenkina, Irina"]
[Result "0-1"]
[WhiteElo "2045"]
[BlackElo "2105"]
[PlyCount "84"]
[EventDate "1996.??.??"]
[EventType "swiss"]
[EventRounds "9"]
[EventCountry "SVK"]
[SourceTitle "EXT 1997"]
[Source "ChessBase"]
[SourceDate "1996.11.15"]
[SourceVersion "1"]
[SourceVersionDate "1996.11.15"]
[SourceQuality "1"]

1. e4 e5 2. Nf3 Nf6 3. Nxe5 d6 4. Nf3 Nxe4 5. d4 d5 6. Bd3 Nc6 7. 0-0 Be7 8. c4 Nb4 9. Nc3 Nxc3 10. bxc3 Nxd3 11. Qxd3 dxc4 12. Qxc4 c6 13. Bf4 Be6 14. Qa4 Qd5 15. Rfe1 0-0 16. c4 Qf5 17. Be5 a5 18. a3 Qd3 19. Re3 Qxc4 20. Qxc4 Bxc4 21. Bxg7 Rfe8 22. Rae1 Be6 23. Bh6 Bf8 24. Bxf8 Kxf8 25. Rb1 b5 26. Rc3 Bd5 27. h3 f6 28. Nd2 Re2 29. Nb3 b4 30. axb4 axb4 31. Re3 Rc2 32. Nc5 Raa2 33. Rxb4 Rxf2 34. Rb8+ Kg7 35. Rg3+ Kh6 36. Rb1 Rxg2+ 37. Rxg2 Rxg2+ 38. Kf1 Rh2 39. Rb6 Rxh3 40. Nd7 Kg5 41. Ke2 Rb3 42. Kd2 Rxb6 0-1

[Event "EU-ch U18 Girls"]
[Site "Rimavska Sobota"]
[Date "1996.??.??"]
[Round "1"]
[White "Vajda, Szidonia"]
[Black "Nanu, Ana Daniela"]
[Result "1-0"]
[WhiteElo "2285"]
[BlackElo "2045"]
[PlyCount "111"]
[EventDate "1996.??.??"]
[EventType "swiss"]
[EventRounds "9"]
[EventCountry "SVK"]
[SourceTitle "EXT 1997"]
[Source "ChessBase"]
[SourceDate "1996.11.15"]
[SourceVersion "1"]
[SourceVersionDate "1996.11.15"]
[SourceQuality "1"]

1. e4 e5 2. Nf3 Nf6 3. Nc3 Nc6 4. d4 exd4 5. Nxd4 Bb4 6. Nxc6 bxc6 7. Bd3 0-0 8. 0-0 d5 9. exd5 cxd5 10. Bg5 Bb7 11. Qf3 Be7 12. Rfe1 Re8 13. Bxf6 Bxf6 14. Rxe8+ Qxe8 15. Qf5 Qe5 16. Qxh7+ Kf8 17. Kf1 Re8 18. Qh8+ Ke7 19. Qxe8+ Kxe8 20. Re1 Kd7 21. Rxe5 Bxe5 22. g3 Ke6 23. Nd1 f5 24. f4 Bf6 25. b3 c5 26. Ne3 g6 27. g4 fxg4 28. Bxg6 Ba6+ 29. Kg2 Be2 30. Bf5+ Kd6 31. Bxg4 Ba6 32. Bf3 d4 33. Ng4 Bg7 34. Nf2 c4 35. Ne4+ Ke7 36. bxc4 Bxc4 37. a4 d3 38. cxd3 Bxd3 39. Nf2 Bc2 40. Bd1 Bg6 41. h4 Ke6 42. h5 Be8 43. Kg3 Bh6 44. Ng4 Bf8 45. Ne5 Kf6 46. Ng4+ Ke6 47. Ne3 Bc5 48. Bb3+ Ke7 49. Nd5+ Kd6 50. Nf6 Bc6 51. Kg4 Bd4 52. Kg5 Ke7 53. Ng4 Bh8 54. h6 Bf3 55. Ne5 Bf6+ 56. Kf5 1-0